000 00859cab a2200241 4500
001 WB3432-30
008 090401t1998 xxu||||| |||| 00| 0 eng d
035 _a(Sirsi) u88065
041 _aeng
245 _aCases on a scientific edge
260 _c1998
350 _a0
490 _aFinancial Times
_v18 August 1998, 11(2)
520 _aConsiders the growth in the number of `junk science` cases that are ending up in the courts. Junk science is the product of speculative theories and poor statistics - the best example in the UK being electro-magnetic syndrome, where people claim that overhead power cables cause illness.
650 _aELECTROMAGNETIC FIELDS
650 _aELECTROMAGNETIC SYNDROME
650 _aHEALTH HAZARDS
650 _aJUNK SCIENCE
650 _aOVERHEAD CABLES
690 _aLAW
942 _n0
948 _c19/08/1998
999 _c55617
_d55617